1810 1448 1286 1731 1274 1828 1710 1460 1938 1176 1967 1651 1025 1604 1271 1540 1955 1926 1847 1006 1501 1792 1450 1664 1094 1911 1683 1694 1224 1754 1755 1577 1282 1951 1158 1249 1791 1869 1293 1627 1372 1449 1100 1764 1441 1820 1813 1905 1899 1223 1812 1716 1513 1843 1117 1194 1007 1544 1786 1433 1827 1422 1650 1733 1181 1606 1428 1596 1907 1749 1908 1512 1586 1024 1365 1599 1710 1831 1346 1910 1520 1522 1837 1891 1555 1767 1581 1379 1335 1539 1860 1893 1157 1931 1287 1032 1355 1756 1671 BCNSPRNW ULIB Ver.6.0+V

เปลี่ยนเป็นภาษาไทย

Change to English
 แสดงรายละเอียดบรรณานุกรม
  กลับหน้าหลัก

Brief Record : Get Marc (ISO 2709) : E-mail record : QR code < ปิดหน้าต่าง
LEADER : 00000nam 2200000uu 4500
001    13399125279
003     ULIB
008    170327s2557||||th 000 0 tha d
020    ^a9786169121596(ล.21)
060 04 ^aWO100^bส742ศ ล.21
245 00 ^aศัลยศาสตร์ทั่วไป เล่ม 21 =^bCritcal Points in Common Surgery /^cคณะบรรณาธิการ, สุขไชย สาทถาพร ... [และคนอื่นๆ]
246 30 ^aศัลยศาสตร์ทั่วไป
246 30 ^aCritcal Points in Common Surgery
250    ^aพิมพ์ครั้งที่ 1
260    ^aกรุงเทพฯ :^bสำนักพิมพ์กรุงเทพเวชสาร,^c2557
300    ^a376 หน้า :^bภาพประกอบ ;^c22 ซม.
650  7 ^aศัลยศาสตร์
650  7 ^aศัลยกรรม^vรวมเรื่อง
700 0  ^aสุขไชย สาทถาพร
700 0  ^aต้น คงเป็นสุข
700 0  ^aวุตม์ โล่ห์สิริวัฒน์
700 0  ^aธัญญ์ อิงคะกุล
945    ^p0^l0^i001740
945    ^p0^l0^i001741
945    ^p0^l0^i001742
999    ^aวรรณษา ชูชัยมงคล
รายการนี้ยังไม่มีแท็ก
คุณยังไม่ได้ล็อกอิน คุณสามารถมีกิจกรรมร่วมกับเว็บไซต์ได้ แต่ต้องล็อกอินก่อน ::
  ล็อกอิน

รายการสื่อสารสนเทศ

ลำดับที่ ประเภท เลขเรียก/บาร์โค้ด สถานที่ สถานะ
1. วิทยาศาสตร์การแพทย์ และสุขภาพ
วิทยาศาสตร์การแพทย์ และสุขภาพ
สถานะ=หนังสือเก่า
WO100 ส742ศ ล.21 ฉ.1 
  Barcode: 001740
ห้องสมุดวิทยาเขตสวรรค์ประชารักษ์
►ส่วนจัดเก็บหนังสือเก่า สปร
บนชั้น
  ขอยืม
2. วิทยาศาสตร์การแพทย์ และสุขภาพ
วิทยาศาสตร์การแพทย์ และสุขภาพ
WO100 ส742ศ ล.21 ฉ.2 
  Barcode: 001741
ห้องสมุดวิทยาเขตสวรรค์ประชารักษ์
►หนังสือทั่วไป
บนชั้น
3. วิทยาศาสตร์การแพทย์ และสุขภาพ
วิทยาศาสตร์การแพทย์ และสุขภาพ
สถานะ=หนังสือเก่า
WO100 ส742ศ ล.21 ฉ.3 
  Barcode: 001742
ห้องสมุดวิทยาเขตสวรรค์ประชารักษ์
►ส่วนจัดเก็บหนังสือเก่า สปร
บนชั้น
  ขอยืม

รายการใกล้เคียง
    หัวเรื่อง [ศัลยศาสตร์]

BibComment


ยังไม่เคยถูกคอมเมนท์

คอมเมนท์ทรัพยากรรายการนี้
  คอมเมนท์: ศัลยศาสตร์ทั่วไป..


 Copyright 2026. Bcnsprnw @Library